000 01641cam a2200433Li 4500
001 ocn470720774
003 TZ-ArACH
005 20130506152256.0
008 090116s2009 fr f p 000 0 fre d
015 _a00915607
_2bnf
016 7 _aFRBNF414123010000003
_2FrPBN
020 _a9782275032924
020 _a2275032924
035 _a(OCoLC)470720774
040 _aBDF
_encafnor
_bfre
_cTZ-ArACH
041 _aFre
049 _aTZAA
050 _aKJV3721
_b.J85
082 1 4 _a347.440 5
_222
100 1 _aJulien, Pierre,
_d19..-....,
_cjuriste.
_4aut
_98235
245 1 0 _aDroit judiciaire privé /
_cPierre Julien,... Natalie Fricero,.
250 _a3e éd.
260 _aParis :
_bLGDJ-Lextenso éd.,
_c2009
_e(Paris :
_fImpr. Jouve)
300 _a1 vol. (X-490 p.) ;
_c20 cm.
490 0 _aManuel
500 _aBibliogr., p. IX-X. Index.
650 7 _aProcédure civile
_zFrance
_2ram
_98236
650 7 _aCivil Procedure
_zFrance
_98237
650 7 _aCourts
_zFrance
_98239
650 7 _aJustice administration
_zFrance
_98240
700 1 _aFricero, Natalie.
_4aut
_98238
760 0 _tManuel (Paris).,
_d2009
_x0990-3909
_w(FrPBN)34248432
856 4 2 _3Notice et cote du catalogue de la Bibliothèque nationale de France
_uhttp://catalogue.bnf.fr/ark:/12148/cb414123015
886 1 _2intermrc
_a009
_ba--dh-us-----------
886 2 _2intermrc
_a680
_b0-
_a340
_b340
942 _2lcc
_cBOOK
999 _c1945
_d1945